Statistics for Baltimore (BWI) Airport Destinations

Click here to take the quiz!

General Stats

  • This quiz has been taken 133 times
    (90 since last reset)
  • The average score is 59 of 90

Answer Stats

Airline/sDestination% Correct
American Eagle, Delta ConnectionNew York (John F. Kennedy)
94%
Southwest AirlinesNew York (LaGuardia)
94%
Delta Airlines, Frontier Airlines, Southwest Airlines, Spirit AirlinesAtlanta
86%
American Airlines, Spirit AirlinesDallas/Fort Worth
86%
Southwest AirlinesDallas (Love)
86%
American Airlines, Frontier Airlines, Southwest Airlines, Spirit AirlinesMiami
86%
American Airlines, American Eagle, Southwest AirlinesCharlotte
85%
Southwest AirlinesChicago (Midway)
85%
American Airlines, American Eagle, Southwest Airlines, Spirit Airlines, United Airlines, United ExpressChicago (O'Hare)
85%
Southwest AirlinesHouston (Hobby)
85%
Spirit Airlines, United Airlines, United ExpressHouston (Intercontinental)
85%
Southwest Airlines, Spirit Airlines, United AirlinesLos Angeles
85%
Frontier Airlines, Southwest Airlines, Spirit AirlinesOrlando
83%
United AirlinesSan Francisco
83%
Alaska AirlinesSeattle/Tacoma
83%
Southwest Airlines, Spirit AirlinesTampa
83%
Delta Connection, JetBlue, Southwest Airlines, Spirit AirlinesBoston
82%
British AirwaysLondon (Heathrow)
82%
Delta Airlines, Southwest Airlines, Spirit Airlines, Sun Country AirlinesMinneapolis/Saint Paul
82%
Southwest AirlinesPortland (ME)
82%
Southwest AirlinesPortland (OR)
82%
Frontier Airlines, Southwest Airlines, Spirit Airlines, United AirlinesDenver
80%
Southwest AirlinesNashville
80%
Southwest AirlinesRaleigh/Durham
80%
Southwest AirlinesAustin
79%
Southwest AirlinesCleveland
79%
Southwest AirlinesKansas City
79%
Southwest AirlinesMemphis
79%
Air Canada ExpressMontreal (Trudeau)
79%
Southwest AirlinesPhoenix (Sky Harbor)
79%
Southwest AirlinesAlbany (NY)
77%
Southwest AirlinesBuffalo
77%
Southwest AirlinesColumbus (Glenn)
77%
Southwest AirlinesJackson (MS)
77%
Southwest Airlines, Spirit AirlinesLas Vegas
77%
Southwest AirlinesSan Diego
77%
Air Canada ExpressToronto (Pearson)
77%
Southwest AirlinesCincinnati
76%
Delta Airlines, Delta Connection, Southwest Airlines, Spirit AirlinesDetroit
76%
Southwest Airlines, Spirit AirlinesFort Lauderdale
76%
Southwest AirlinesJacksonville (FL)
76%
Southwest Airlines, Spirit AirlinesNew Orleans
76%
Southwest AirlinesPittsburgh
76%
Southwest AirlinesSan Antonio
76%
Southwest AirlinesMilwaukee
74%
Southwest AirlinesSaint Louis
74%
Southwest AirlinesSan Jose (CA)
71%
Southwest AirlinesCharleston (SC)
70%
Delta Airlines, Southwest AirlinesSalt Lake City
70%
Southwest Airlines, Spirit AirlinesFort Myers
67%
LufthansaFrankfurt
67%
Southwest AirlinesIndianapolis
67%
Southwest AirlinesLouisville
65%
Southwest AirlinesRochester (NY)
64%
Southwest AirlinesBirmingham (AL)
62%
Southwest AirlinesNorfolk
62%
Southwest AirlinesSyracuse
62%
Frontier Airlines, Southwest Airlines, Spirit AirlinesCancun
61%
IcelandairReykjavik (Keflavik)
61%
Southwest AirlinesSacramento
61%
Allegiant Air, Southwest AirlinesSavannah
61%
Southwest AirlinesAlbuquerque
59%
Allegiant AirKnoxville
55%
Southwest Airlines, Spirit AirlinesMyrtle Beach
55%
Southwest AirlinesNassau
55%
Southwest AirlinesOakland
55%
Southwest AirlinesProvidence
55%
Southwest Airlines, Spirit AirlinesSan Juan
55%
Southwest AirlinesGrand Rapids
53%
Southwest AirlinesHartford
53%
Allegiant Air, Southwest AirlinesSarasota
53%
Southwest AirlinesPanama City (FL)
52%
Southwest AirlinesManchester (NH)
48%
Southwest AirlinesPensacola
48%
Southwest AirlinesWest Palm Beach
48%
Allegiant Air, Southwest AirlinesFort Walton Beach
42%
Allegiant AirAsheville
41%
Air SenegalDakar (Diass)
41%
Southwest AirlinesGreenville/Spartanburg
41%
Southwest AirlinesPunta Cana
41%
Southwest Airlines, Spirit AirlinesMontego Bay
38%
Southwest AirlinesIslip
35%
Southwest AirlinesAruba
32%
Allegiant AirPunta Gorda (FL)
27%
Southwest AirlinesLiberia (CR)
23%
Contour AirlinesMacon/Warner Robins (GA)
23%
Southwest AirlinesGrand Cayman
21%
Boutique AirAltoona
17%
Boutique AirMassena
11%
Spirit AirlinesSan Salvador
11%

Score Distribution

Percentile by Number Answered

Percent of People with Each Score

Your Score History

You have not taken this quiz since the last reset